|
|
|
|
| LEADER |
00000nab a2200000 a 4500 |
| 001 |
vtls000689022 |
| 003 |
SK-MaSNL |
| 005 |
20260318123944.0 |
| 008 |
160322c1999 xo 0 hun |
| 015 |
|
|
|a SNBRB1999/03-05565
|
| 035 |
|
|
|a CLN000041189
|
| 040 |
|
|
|a SNKBUCL
|b slo
|c SNKBUCL
|e AACR2
|
| 041 |
0 |
|
|a hun
|
| 044 |
|
|
|a xo
|c SK
|
| 080 |
|
|
|a 73/76.071.1
|2 UDC-MRF-SK2
|
| 080 |
|
|
|a 929 Németh, Ilona
|2 UDC-MRF-SK2
|
| 100 |
1 |
|
|a Csepécz, Szilvia M.,
|d 1965-2011
|4 ain
|9 49646
|
| 245 |
1 |
0 |
|a Három hónapig Amerikában
|b beszélgetés Németh Ilona képzőművésszel
|c [beszélgetett] M. Csepécz Szilvia
|
| 300 |
|
|
|b Fotogr.
|
| 600 |
1 |
7 |
|a Németh, Ilona,
|d 1963-
|2 snkbucl
|9 101799
|
| 651 |
|
7 |
|a 201
|2 snkbucl
|9 294639
|
| 655 |
|
7 |
|a články z novín a časopisov
|2 snkbucl
|9 267496
|
| 700 |
1 |
|
|a Németh, Ilona,
|d 1963-
|4 aut
|4 uin
|9 101799
|
| 773 |
0 |
|
|t Új nő
|g Č. 3 (1999), s. 26-27
|
| 850 |
|
|
|a Slovenská národná knižnica v Martine
|
| 852 |
|
|
|a SNK
|b KIS3GCP
|
| 958 |
|
|
|a HU
|
| 958 |
|
|
|a SK
|
| 958 |
|
|
|a BX
|
| 958 |
|
|
|a RBX
|
| 999 |
|
|
|c 2516685
|d 2518615
|